Kadra Kanady na mundial 2022 - Statystyki

Ogólne statystyki
  • Ten quiz został rozwiązany 34 razy
  • Średni wynik to 11 z 26
Statystyki odpowiedzi
Pozycja Zawodnik % Poprawnych
Napastnik Alphonso Davies
95%
Napastnik Jonathan David
95%
Pomocnik Atiba Hutchinson
74%
Napastnik Tajon Buchanan
68%
Bramkarz Milan Borjan
53%
Napastnik Cyle Larin
47%
Obrońca Steven Vitoria
47%
Obrońca Alistar Johnston
42%
Pomocnik Jonathan Osorio
42%
Napastnik Junior Hoilett
42%
Bramkarz Dayne St. Clair
37%
Obrońca Kamal Miller
37%
Pomocnik Stephen Eustaquio
37%
Pomocnik Ismael Kone
32%
Bramkarz James Pantemis
32%
Obrońca Joel Waterman
32%
Napastnik Lucas Cavallini
32%
Pomocnik Mark-Anthony Kaye
32%
Obrońca Richie Laryea
32%
Obrońca Sam Adekugbe
32%
Pomocnik Samuel Piette
32%
Napastnik Ike Ugbo
26%
Napastnik Liam Millar
26%
Pomocnik David Wotherspoon
21%
Obrońca Derek Kornelius
21%
Pomocnik Liam Fraser
21%
Nie znaleziono quizów pasujących do podanych kryteriów
Rozkład punktacji
Procent ludzi z każdym wynikiem
Percentyl według liczby udzielonych odpowiedzi
Twoja historia wyników
Nie rozwiązałeś tego quizu